|
|
|
|
| LEADER |
00000nab a2200000 a 4500 |
| 001 |
vtls000216028 |
| 003 |
SK-MaSNL |
| 005 |
20260303200034.0 |
| 008 |
111130c1985 xo 0 slo |
| 015 |
|
|
|a SNBRB19rr/mm-uuuuu
|
| 035 |
|
|
|a CL0226142
|
| 040 |
|
|
|a SNKBUCL
|b slo
|c SNKBUCL
|e AACR2
|
| 041 |
0 |
|
|a slo
|
| 044 |
|
|
|a xo
|c SK
|
| 080 |
|
|
|a 632.4
|2 1981
|
| 080 |
|
|
|a 634.11
|2 1981
|
| 080 |
|
|
|a 632.93
|2 1981
|
| 100 |
1 |
|
|a Molnár, J.
|4 aut
|9 518348
|
| 245 |
1 |
0 |
|a Múčnatka jabloňová naďalej ohrozuje jablone
|c J. Molnár
|
| 300 |
|
|
|b Obr. 2.
|
| 650 |
0 |
7 |
|a múčnatka jabloňová
|2 snkbucl
|9 17314
|
| 650 |
0 |
7 |
|a jablone
|2 snkbucl
|9 14762
|
| 655 |
|
7 |
|a články z novín a časopisov
|2 snkbucl
|9 267496
|
| 773 |
0 |
|
|t Záhradkár
|g Roč. 21, č. 5 (1985), s. 100
|
| 850 |
|
|
|a Slovenská národná knižnica v Martine
|a MTA001
|
| 852 |
|
|
|a SNK
|b KIS3GCP
|
| 958 |
|
|
|a RK
|
| 992 |
|
|
|a RBX
|
| 999 |
|
|
|c 2166049
|d 2167979
|